MARC

LEADER 00000nam0a2200000 4500
001 75048
005 20231101212807.0
035 |a (RuTPU)RU\TPU\book\80026 
090 |a 75048 
100 |a 20050317d1958 k y0rusy50 ca 
101 0 |a rus 
102 |a RU 
105 |a a z 001zy 
200 1 |a Основы теории горения и газификации твердого топлива  |f Б. В. Канторович 
210 |a Москва  |c Изд-во Академии наук СССР  |d 1958 
215 |a 598 с.  |c ил. 
320 |a Библиогр.: с. 576-592. 
320 |a Предметный указатель: с. 593-595. 
606 1 |a Топливо твердое  |x Горение  |2 stltpush  |3 (RuTPU)RU\TPU\subj\33021  |9 55379 
610 1 |a химическая технология 
610 1 |a теория 
610 1 |a твердое топливо 
610 1 |a сжигание 
610 1 |a газификация 
610 1 |a ископаемый уголь 
610 1 |a угольные частицы 
675 |a 662.611  |v 3 
700 1 |a Канторович  |b Б. В.  |g Борис Вениаминович 
712 0 2 |a Академия Наук СССР  |2 stltpush  |3 (RuTPU)RU\TPU\col\722 
712 0 2 |a Институт горючих ископаемых 
801 1 |a RU  |b 63413507  |c 20050317  |g PSBO 
801 2 |a RU  |b 63413507  |c 20201022  |g PSBO 
942 |c BK